UITU Library & LRC     

ALQuran-ul-Kareem (القران الکریم) (Record no. 6194)

MARC details
000 -LEADER
fixed length control field 00470nam a2200181Ia 4500
008 - FIXED-LENGTH DATA ELEMENTS--GENERAL INFORMATION
fixed length control field 240925s9999 xx 000 0 und d
020 ## - INTERNATIONAL STANDARD BOOK NUMBER
International Standard Book Number NA
082 ## - DEWEY DECIMAL CLASSIFICATION NUMBER
Classification number 297.1 ABU
100 ## - MAIN ENTRY--PERSONAL NAME
Personal name Abu Mansoor -
245 #0 - TITLE STATEMENT
Title ALQuran-ul-Kareem (القران الکریم)
250 ## - EDITION STATEMENT
Edition statement NA
260 ## - PUBLICATION, DISTRIBUTION, ETC.
Place of publication, distribution, etc. Karachi:
Name of publisher, distributor, etc. Oxford University Press
Date of publication, distribution, etc. ,1999.
300 ## - PHYSICAL DESCRIPTION
Extent xviii,394p.
Other physical details NA
Type of unit Original
500 ## - GENERAL NOTE
General note NA
600 ## - SUBJECT ADDED ENTRY--PERSONAL NAME
Personal name Humanities & Natural Science
650 ## - SUBJECT ADDED ENTRY--TOPICAL TERM
Topical term or geographic name entry element Religion
942 ## - ADDED ENTRY ELEMENTS (KOHA)
Koha item type Books
Holdings
Withdrawn status Lost status Damaged status Not for loan Collection Home library Current library Date acquired Source of acquisition Total checkouts Full call number Barcode Date last seen Price effective from Koha item type
        Humanities & Basic Sciences UITU Library UITU Library 06/07/2001 Jafar Books   297.1 ABU Q3695 09/25/2024 09/25/2024 Books

Powered by Koha